000 00317nam a22001457a 4500
008 210430b ||||| |||| 00| 0 eng d
020 _a9780465037025
041 _aeng
080 _a34
082 _a34
100 _a16
101 _aJUR
245 _aJustice Genger, and the Family
_cOkin,S.M
942 _2udc
_cBK
999 _c57062
_d57062